000
00279nam a22000977a 4500
008
231013b |||||||| |||| 00| 0 eng d
020
_a
9780143453604
100
_a
Murphy Joesph
_9
7716
245
_a
The Power of Your Sub Conscious Mind
260
_a
Haryana
_b
Penguin Random House
_c
2021
999
_c
12448
_d
12448